| 000 | 00792nam0a22002171 4500 | ||
|---|---|---|---|
| 001 | v19\rc\2095575 | ||
| 005 | 20250620041034.0 | ||
| 035 | _a(NLR Aleph) 005165560 | ||
| 090 |
_a5024412 _c5024412 |
||
| 100 | _a20081218d1915 |||y0rusy50 ca | ||
| 101 | 0 | _arus | |
| 102 | _aRU | ||
| 105 | _ay z ||||| | ||
| 200 | 1 |
_aГимны союзных держав _e[Русский, французский, английский, бельгийский, японский] _eЗаписаны на граммофонных пластинках _fВыпустила в продажу рус. фирма Роберта Кенц |
|
| 210 |
_a[Москва _d1915] |
||
| 215 | _a[4] с. | ||
| 801 | 0 |
_aRU _bNLR _gpsbo |
|
| 801 | 1 |
_aRU _bProSoft-M _2rusmarc |
|
| 852 |
_aNLR _j37.74.1.253 |
||
| 942 | _cBOOK | ||
| 980 | _aNB | ||